000 00379nam a2200121 4500
008 161021b xxu||||| |||| 00| 0 eng d
082 _2Apr 2014-Sept 2015 v. 183 & 186
_aDPer 050
_bT48
245 _aTime.
260 _aHong Kong:
_bTime Asia,
_cApr 2014-Sept 2015.
300 _avarious paging:
_bcolor illustrations;
_c27 cm.
650 0 _916606
_aTime
_vPeriodicals
942 _2ddc
_cPER
999 _c5368
_d5368